Riconosci il Pokémon - Quiz n°296 - Statistics

Statistiche generali
  • Questo quiz è stato fatto 0 volte
  • Il punteggio medio è 0 su 10
Statistiche sulle risposte
Indizio Risposta % Corretto
Altezza 0,8 m
0%
Peso 28,0 kg
0%
Sesso 50% ♂, 50% ♀
0%
Tasso di cattura 90 (20.1%)
0%
Tipo Acciaio
0%
Abilità Lottascudo; Unghiedure; Spiritoferreo
0%
Tasso di allevamento Medio-Veloce
0%
Generazione Ottava
0%
Pokémon Perrserker
0%
Stadio evoluzione Prima evoluzione
0%
Nessun quiz corrispondente trovato
Distribuzione punteggi
Percentuale di utenti per punteggio
Percentile per numero di risposta
I tuoi punteggi nel tempo
Non hai fatto questo quiz